| 000 | 00455nab a2200145Ia 4500 | ||
|---|---|---|---|
| 003 | ES-SlBCS | ||
| 005 | 20210601125250.0 | ||
| 008 | 140529s1986 xxu||||| |||| 00| 0 eng d | ||
| 041 | _aeng | ||
| 100 | 1 |
_aCasullo, Albert _9135598 |
|
| 245 | 0 | 4 |
_aThe Spatial Structure of Perceptual Space _c Albert Casullo |
| 650 | 0 | 4 |
_aEstructura Espacial _9156130 |
| 773 | 0 |
_tPhilosophy and Phenomenological Research _gvol. 47, 1986, págs. 665-672 _wRev1411 |
|
| 942 | _cAR | ||
| 999 |
_c527501 _d527501 |
||